[Event "POL-ch Universities"]
[Site "Lublin"]
[Date "2024.02.23"]
[Round "2"]
[White "Majdanski, Maksymilian"]
[Black "Szustakowski, Antoni"]
[Result "0-1"]
[WhiteElo "2002"]
[BlackElo "2354"]
[PlyCount "103"]
[EventDate "2024.02.23"]
[EventType "swiss"]
[EventRounds "9"]
[EventCountry "POL"]
[SourceTitle "CB10_2024"]
[SourceDate "2024.03.06"]
[SourceVersion "1"]
[SourceVersionDate "2024.03.06"]
[SourceQuality "1"]

1. d4 Nf6 2. c4 e6 3. Nf3 d5 4. Nc3 dxc4 5. e4 Bb4 6. Bxc4 Nxe4 7. 0-0 Nf6 8. Qa4+ Nc6 9. Bg5 0-0 10. Bb5 a5 11. Bxc6 bxc6 12. Ne4 Ba6 13. Rfc1 Rb8 14. Ne5 Bb5 15. Qd1 Be7 16. Nxf6+ Bxf6 17. Bxf6 gxf6 18. Nf3 Kh8 19. Rc5 a4 20. Qd2 Rg8 21. Qf4 Rg6 22. Nh4 Rg5 23. Rac1 Qe7 24. g3 Rd8 25. a3 Rgd5 26. Nf3 Kg7 27. h4 Kh8 28. Kg2 R8d6 29. R1c3 Rxc5 30. Rxc5 Rd5 31. Rxd5 cxd5 32. h5 Bd3 33. h6 Be4 34. Kh2 Bxf3 35. Qxf3 f5 36. Qf4 f6 37. Kg2 Kg8 38. Qd2 Kf7 39. Qa5 Qd7 40. Qc5 Kg6 41. Qf8 e5 42. dxe5 fxe5 43. f4 exf4 44. gxf4 d4 45. Kg3 d3 46. Qg8+ Kf6 47. Qf8+ Ke6 48. Qg8+ Kd6 49. Qc4 d2 50. Qd3+ Ke6 51. Qc4+ Qd5 52. Qe2+ 0-1

[Event "POL-chT 1st League"]
[Site "Sypniewo"]
[Date "2022.09.10"]
[Round "8.10"]
[White "Rosicki, Marcin"]
[Black "Majdanski, Maksymilian"]
[Result "1-0"]
[WhiteElo "2003"]
[BlackElo "1893"]
[PlyCount "79"]
[EventDate "2022.09.03"]
[EventType "team-swiss"]
[EventRounds "9"]
[EventCountry "POL"]
[SourceTitle "CBM 210 Extra"]
[Source "ChessBase"]
[SourceDate "2022.11.30"]
[SourceVersion "1"]
[SourceVersionDate "2022.11.30"]
[SourceQuality "1"]
[WhiteTeam "Jaworzno"]
[BlackTeam "Ostrow Wielkopolski"]
[WhiteTeamCountry "POL"]
[BlackTeamCountry "POL"]

1. e4 c5 2. Nf3 Nc6 3. d4 cxd4 4. Nxd4 Nf6 5. Nc3 e5 6. Ndb5 d6 7. Bg5 a6 8. Na3 b5 9. Bxf6 gxf6 10. Nd5 Bg7 11. Bd3 Ne7 12. Nxe7 Qxe7 13. c4 f5 14. 0-0 0-0 15. exf5 e4 16. f6 Bxf6 17. Re1 Bf5 18. Bxe4 Bxe4 19. Qg4+ Bg7 20. Rxe4 Qf6 21. Rb1 Rac8 22. h3 b4 23. Nc2 d5 24. Rf4 Qd6 25. Ne3 h5 26. Qg5 Qh6 27. Qh4 dxc4 28. Nf5 Qh7 29. Ne7+ Kh8 30. Rf5 Rc6 31. Rxh5 Rh6 32. Rxh6 Bxh6 33. Rd1 c3 34. bxc3 bxc3 35. Rd6 c2 36. Qxh6 Rb8 37. Qf6+ Qg7 38. Qh4+ Qh7 39. Qd4+ Qg7 40. Rh6# 1-0

[Event "POL-chT 1st League"]
[Site "Sypniewo"]
[Date "2022.09.05"]
[Round "3.11"]
[White "Majdanski, Maksymilian"]
[Black "Walaszczyk, Witold"]
[Result "1-0"]
[WhiteElo "1893"]
[BlackElo "2004"]
[PlyCount "75"]
[EventDate "2022.09.03"]
[EventType "team-swiss"]
[EventRounds "9"]
[EventCountry "POL"]
[SourceTitle "CBM 210 Extra"]
[Source "ChessBase"]
[SourceDate "2022.11.30"]
[SourceVersion "1"]
[SourceVersionDate "2022.11.30"]
[SourceQuality "1"]
[WhiteTeam "Ostrow Wielkopolski"]
[BlackTeam "Konin Hetman"]
[WhiteTeamCountry "POL"]
[BlackTeamCountry "POL"]

1. d4 d5 2. c4 c6 3. Nf3 Nf6 4. Qb3 e6 5. Nc3 Bd6 6. Bg5 h6 7. Bxf6 Qxf6 8. e4 dxe4 9. Nxe4 Qd8 10. Bd3 Qa5+ 11. Nfd2 Be7 12. 0-0 Nd7 13. c5 0-0 14. Nc4 Qc7 15. Ncd6 b6 16. Nxc8 Rfxc8 17. Rac1 bxc5 18. dxc5 Rab8 19. Qa3 a5 20. Rfd1 Rb4 21. Bb1 Rcb8 22. Rd2 f5 23. Rcd1 Nxc5 24. Nxc5 Bxc5 25. Qc3 Bf8 26. a3 R4b5 27. Ba2 Qe5 28. Qxc6 R5b6 29. Qc4 Qc5 30. Qe2 Re8 31. Rc2 Qe7 32. Qe5 Qf6 33. Re1 Kh7 34. Qxa5 Rxb2 35. Rxb2 Qxb2 36. Bxe6 Re7 37. Qxf5+ g6 38. Qxf8 1-0

[Event "Ustron op-B"]
[Site "Ustron"]
[Date "2022.08.12"]
[Round "1"]
[White "Starosciak, Szymon"]
[Black "Majdanski, Maksymilian"]
[Result "1-0"]
[WhiteElo "1989"]
[BlackElo "1860"]
[PlyCount "73"]
[EventDate "2022.08.12"]
[EventType "swiss"]
[EventRounds "9"]
[EventCountry "POL"]
[SourceTitle "CBM 209 Extra"]
[Source "ChessBase"]
[SourceDate "2022.09.30"]
[SourceVersion "1"]
[SourceVersionDate "2022.09.30"]
[SourceQuality "1"]

1. e4 c5 2. Nf3 Nc6 3. d4 cxd4 4. Nxd4 Nf6 5. Nc3 e5 6. Ndb5 d6 7. Bg5 a6 8. Na3 b5 9. Nd5 Be7 10. Bxf6 Bxf6 11. c3 0-0 12. Nc2 Rb8 13. h4 g6 14. g3 Bg7 15. Bh3 Bb7 16. 0-0 Ne7 17. Nce3 Nxd5 18. Nxd5 f5 19. Qd3 Kh8 20. a4 b4 21. c4 fxe4 22. Qxe4 Qa5 23. b3 Bxd5 24. cxd5 Bh6 25. Ra2 Rf7 26. Rc2 Rc7 27. Rc6 Rxc6 28. dxc6 Qc7 29. Rd1 Rf8 30. Rd3 Kg7 31. Be6 a5 32. Rf3 Rf6 33. Bd5 g5 34. Rxf6 Kxf6 35. Qf3+ Ke7 36. Qf7+ Kd8 37. Qg8+ 1-0

[Event "POL-ch U16"]
[Site "Szklarska Poreba"]
[Date "2020.03.09"]
[Round "3"]
[White "Kossowski, Pawel"]
[Black "Majdanski, Maksymilian"]
[Result "1-0"]
[WhiteElo "1717"]
[BlackElo "1868"]
[PlyCount "71"]
[EventDate "2020.03.07"]
[EventType "swiss"]
[EventRounds "8"]
[EventCountry "POL"]
[SourceTitle "CBM 195 Extra"]
[Source "ChessBase"]
[SourceDate "2020.05.31"]
[SourceVersion "1"]
[SourceVersionDate "2020.05.31"]
[SourceQuality "1"]

1. e4 c5 2. Nf3 Nc6 3. d4 cxd4 4. Nxd4 Nf6 5. Nc3 e5 6. Ndb5 d6 7. Bg5 a6 8. Na3 b5 9. Bxf6 gxf6 10. Nd5 Bg7 11. Qh5 Be6 12. Rd1 Ne7 13. Nxe7 Qxe7 14. c3 0-0 15. Nc2 Bxa2 16. Nb4 Be6 17. Be2 Kh8 18. 0-0 Rg8 19. f4 a5 20. Nd3 Bf8 21. f5 Bb3 22. Ra1 a4 23. Nb4 Qa7+ 24. Kh1 Qc5 25. Rf3 Rd8 26. Rh3 Rg7 27. Rf1 d5 28. Nd3 Qc7 29. Rff3 Bd6 30. Rfg3 Rdg8 31. Rg4 a3 32. Rgh4 Rb8 33. Qxh7+ Rxh7 34. Rxh7+ Kg8 35. Rh8+ Kg7 36. R3h7# 1-0

[Event "POL-chT U20 2nd League"]
[Site "Sypniewo"]
[Date "2020.??.??"]
[Round "9.61"]
[White "Majdanski, Maksymilian"]
[Black "Wilgosz, Jan"]
[Result "0-1"]
[WhiteElo "1817"]
[BlackElo "1557"]
[PlyCount "54"]
[EventDate "2020.10.23"]
[EventType "team-swiss"]
[EventRounds "9"]
[EventCountry "POL"]
[SourceTitle "CBM 199 Extra"]
[Source "ChessBase"]
[SourceDate "2021.01.31"]
[SourceVersion "1"]
[SourceVersionDate "2021.01.31"]
[SourceQuality "1"]

1. e4 e5 2. Nc3 Nc6 3. g3 Bc5 4. Bg2 h5 5. Nf3 h4 6. Nxh4 Rxh4 7. gxh4 Qxh4 8. 0-0 d6 9. Qf3 Nf6 10. d3 Nh5 11. h3 Nd4 12. Qe3 Nf4 13. Kh2 Nxc2 14. Qf3 Nxa1 15. Bxf4 exf4 16. Rxa1 Bxf2 17. Nd5 Bg3+ 18. Kg1 Kd8 19. e5 dxe5 20. Nxc7 Kxc7 21. Rc1+ Kd8 22. Qd5+ Ke8 23. Qxe5+ Qe7 24. Qxe7+ Kxe7 25. Bxb7 Bxb7 26. Rc7+ Ke6 27. Rxb7 a5 0-1

[Event "POL-chT U20 2nd League"]
[Site "Sypniewo"]
[Date "2020.??.??"]
[Round "7.48"]
[White "Majdanski, Maksymilian"]
[Black "Wnek, Filip"]
[Result "0-1"]
[WhiteElo "1817"]
[BlackElo "1981"]
[PlyCount "90"]
[EventDate "2020.10.23"]
[EventType "team-swiss"]
[EventRounds "9"]
[EventCountry "POL"]
[SourceTitle "CBM 199 Extra"]
[Source "ChessBase"]
[SourceDate "2021.01.31"]
[SourceVersion "1"]
[SourceVersionDate "2021.01.31"]
[SourceQuality "1"]

1. d4 Nf6 2. c4 e6 3. g3 d5 4. Bg2 dxc4 5. Nf3 a6 6. a4 Nc6 7. 0-0 Rb8 8. e3 b5 9. axb5 axb5 10. b3 cxb3 11. Qxb3 Bd6 12. Nfd2 Bd7 13. Nc3 0-0 14. Nce4 Nxe4 15. Nxe4 Qe7 16. Nxd6 cxd6 17. Bd2 d5 18. Rfc1 b4 19. f4 Ra8 20. Bf1 Rfb8 21. Rxa8 Rxa8 22. Rc5 Rb8 23. Rb5 Rxb5 24. Bxb5 Nxd4 25. exd4 Bxb5 26. Qxb4 Qb7 27. Qa5 h6 28. Bb4 Bd3 29. Kf2 Qc6 30. Bc5 Kh7 31. h4 f6 32. Qb4 Qa6 33. Qb3 Be4 34. Ba3 Qa7 35. Ke3 e5 36. Bb2 Qa5 37. dxe5 Qe1+ 38. Kd4 Qf2+ 39. Kc3 fxe5 40. fxe5 Qxg3+ 41. Kb4 Qxh4 42. Qc3 Bf5+ 43. Kc5 Be6 44. Kd6 Qg4 45. Qc2+ Kh8 0-1

[Event "POL-chT U20 2nd League"]
[Site "Sypniewo"]
[Date "2020.??.??"]
[Round "8.60"]
[White "Redzisz, Michal"]
[Black "Majdanski, Maksymilian"]
[Result "1-0"]
[WhiteElo "2212"]
[BlackElo "1817"]
[PlyCount "49"]
[EventDate "2020.10.23"]
[EventType "team-swiss"]
[EventRounds "9"]
[EventCountry "POL"]
[SourceTitle "CBM 199 Extra"]
[Source "ChessBase"]
[SourceDate "2021.01.31"]
[SourceVersion "1"]
[SourceVersionDate "2021.01.31"]
[SourceQuality "1"]

1. e4 c5 2. Nf3 Nc6 3. d4 cxd4 4. Nxd4 Nf6 5. Nc3 e5 6. Ndb5 d6 7. Nd5 Nxd5 8. exd5 Ne7 9. c4 Ng6 10. Be3 a6 11. Nc3 Be7 12. Bd3 f5 13. Qh5 e4 14. Bc2 0-0 15. f4 Bf6 16. Qe2 Qa5 17. 0-0 Bxc3 18. bxc3 Qxc3 19. Bb3 Qa5 20. Qf2 Kh8 21. Rac1 Re8 22. Bb6 Qb4 23. Qe3 a5 24. a3 Qxa3 25. Ra1 1-0

[Event "Gorzow Wielkopolski Lasker Memor-B 2nd"]
[Site "Gorzow Wielkopolski"]
[Date "2018.07.07"]
[Round "7.9"]
[White "Majdanski, Maksymilian"]
[Black "Jozwik, Jaroslaw"]
[Result "1-0"]
[WhiteElo "1763"]
[BlackElo "1680"]
[PlyCount "95"]
[EventDate "2018.07.02"]
[EventType "swiss"]
[EventRounds "7"]
[EventCountry "POL"]
[SourceTitle "EXT 2023"]
[Source "ChessBase"]
[SourceDate "2022.10.05"]
[SourceVersion "1"]
[SourceVersionDate "2022.10.05"]
[SourceQuality "1"]

1. c4 g6 2. Nc3 Bg7 3. g3 Nf6 4. Bg2 0-0 5. Nf3 d6 6. 0-0 e5 7. d3 Nc6 8. a3 Bg4 9. h3 Bd7 10. Bd2 Qc8 11. Kh2 Re8 12. Qc2 Nd4 13. Nxd4 exd4 14. Ne4 Nxe4 15. dxe4 c5 16. e3 f5 17. exd4 Bxd4 18. Rae1 fxe4 19. Bxe4 Bc6 20. Bd3 Qd7 21. Bc3 Rxe1 22. Rxe1 Re8 23. Rxe8+ Qxe8 24. Bxd4 Qe1 25. Qb1 Qxb1 26. Bxb1 cxd4 27. f4 d5 28. cxd5 Bxd5 29. Kg1 Kf7 30. Kf2 Ke6 31. Ke2 Bg2 32. h4 a5 33. b4 axb4 34. axb4 Kd5 35. Ba2+ Ke4 36. Bg8 h6 37. Bf7 d3+ 38. Kd2 Kf5 39. Kxd3 g5 40. fxg5 hxg5 41. h5 Kf6 42. Bg6 g4 43. Be4 Bf1+ 44. Ke3 Kg5 45. Bxb7 Kxh5 46. Bc6 Kg5 47. b5 Kf6 48. b6 1-0

[Event "POL-chT U19 2nd League"]
[Site "Iwonicz"]
[Date "2016.07.31"]
[Round "8.40"]
[White "Majdanski, Maksymilian"]
[Black "Krawczyk, Wojciech"]
[Result "1/2-1/2"]
[WhiteElo "1515"]
[BlackElo "1476"]
[PlyCount "65"]
[EventDate "2016.07.23"]
[EventType "team-swiss"]
[EventRounds "11"]
[EventCountry "POL"]
[SourceTitle "EXT 2019"]
[Source "ChessBase"]
[SourceDate "2018.10.10"]
[SourceVersion "1"]
[SourceVersionDate "2018.10.10"]
[SourceQuality "1"]
[WhiteTeam "Strzelce Krajenskie STMGK U19"]
[BlackTeam "Wieliczka MKS MOS U19"]
[WhiteTeamCountry "POL"]
[BlackTeamCountry "POL"]

1. c4 Nf6 2. Nc3 g6 3. g3 Bg7 4. Bg2 d6 5. e3 e5 6. Nge2 0-0 7. 0-0 c6 8. d4 Be6 9. b3 exd4 10. Nxd4 d5 11. Nxe6 fxe6 12. Bb2 Nbd7 13. cxd5 exd5 14. Qc2 Rf7 15. Rad1 Qe7 16. Rd2 Raf8 17. Qc1 Re8 18. Ba3 Qd8 19. b4 Bh6 20. Re1 Nb6 21. b5 Nc4 22. Rd4 Qb6 23. bxc6 bxc6 24. Rd3 Ng4 25. Nd1 Bg7 26. h3 Qa5 27. Re2 Nge5 28. Rb3 Qa6 29. Rc2 Rb7 30. Rxb7 Qxb7 31. Bf1 Nf3+ 32. Kh1 Qd7 33. Be2 1/2-1/2

[Event "POL-ch U12"]
[Site "Suwalki"]
[Date "2015.04.13"]
[Round "8.10"]
[White "Ossolinski, Ziemowit"]
[Black "Majdanski, Maksymilian"]
[Result "1-0"]
[WhiteElo "1612"]
[BlackElo "1376"]
[PlyCount "115"]
[EventDate "2015.04.08"]
[EventType "swiss"]
[EventRounds "9"]
[EventCountry "POL"]
[SourceTitle "EXT 2023"]
[Source "ChessBase"]
[SourceDate "2022.10.05"]
[SourceVersion "1"]
[SourceVersionDate "2022.10.05"]
[SourceQuality "1"]

1. d4 g6 2. Nf3 Bg7 3. c4 d6 4. Nc3 Nf6 5. e3 0-0 6. Be2 Nbd7 7. 0-0 c5 8. Qb3 b6 9. Rd1 Bb7 10. d5 a6 11. a4 Rb8 12. Qc2 Qc7 13. e4 e6 14. Bf4 e5 15. Bd2 Bc8 16. Bf1 Re8 17. Rdb1 Nf8 18. a5 bxa5 19. Nd1 Bd7 20. Rxa5 Qa7 21. Rba1 Rb6 22. b4 Rc8 23. b5 Ne8 24. Rxa6 Rxa6 25. Rxa6 Qb7 26. Qa2 Nc7 27. Ra3 Ra8 28. Rxa8 Qxa8 29. Qxa8 Nxa8 30. Ba5 Bc8 31. Nc3 Nd7 32. Na4 Bh6 33. g3 Kf8 34. Ne1 Ke7 35. Nd3 f6 36. f4 Bg7 37. Kf2 g5 38. f5 Kf7 39. Be2 Ke7 40. Bh5 Kf8 41. Kg2 Ke7 42. Kh3 Kf8 43. Bd8 Kg8 44. Be8 Kf8 45. Bxd7 Bxd7 46. b6 Bc8 47. Bc7 Nxc7 48. bxc7 Ke8 49. Nb6 Bb7 50. c8Q+ Bxc8 51. Nxc8 Kd7 52. Na7 Bf8 53. Kg4 Kc7 54. h4 h6 55. Kh5 Kb6 56. Nc6 Kc7 57. Kg6 Kd7 58. Kxf6 1-0

[Event "POL-ch U12"]
[Site "Suwalki"]
[Date "2015.04.09"]
[Round "2"]
[White "Majdanski, Maksymilian"]
[Black "Bujalski, Mateusz"]
[Result "1-0"]
[WhiteElo "1376"]
[BlackElo "1460"]
[PlyCount "53"]
[EventDate "2015.04.08"]
[EventType "swiss"]
[EventRounds "9"]
[EventCountry "POL"]
[SourceTitle "EXT 2023"]
[Source "ChessBase"]
[SourceDate "2022.10.05"]
[SourceVersion "1"]
[SourceVersionDate "2022.10.05"]
[SourceQuality "1"]

1. e4 Nf6 2. e5 Nd5 3. c4 Nb6 4. d4 e6 5. Nf3 Be7 6. Nc3 0-0 7. Bd3 f5 8. exf6 Bxf6 9. b3 d5 10. c5 N6d7 11. 0-0 Re8 12. Re1 Nxc5 13. dxc5 Bxc3 14. Bxh7+ Kf8 15. Bg6 Bxe1 16. Nxe1 Qf6 17. Bxe8 Kxe8 18. Rb1 Na6 19. Bb2 Qg6 20. Nd3 Bd7 21. Ne5 Qh7 22. Rc1 c6 23. Qf3 Kd8 24. Qf8+ Kc7 25. Qd6+ Kc8 26. Qxd7+ Kb8 27. Qd8# 1-0